000 00261nam a2200109Ia 4500
008 220630s9999 xx 000 0 und d
020 _a978 1 4152 0384 2
082 _aEF Robe
100 _aRobertson Claire
_9156475
245 4 _aThe spiral house
942 _cBK
_w561
_xJohn Tresidder
_y561
_zJohn Tresidder
999 _c699288
_d699287